| 000 | 00953nam a2200217 i 4500 | ||
|---|---|---|---|
| 001 | 171411 | ||
| 003 | ES-MaACL | ||
| 005 | 20250830030621.0 | ||
| 008 | 090514s1971 sp |||| | spa d | ||
| 017 | _aM 26841-1971 | ||
| 111 | 2 |
_aAsamblea Conjunta de Obispos y Sacerdotes _d(1971. _cMadrid) _98 |
|
| 245 | 1 | 0 |
_aAsamblea conjunta Obispos-Sacerdotes / _cedición preparada por el Secretariado nacional del Clero. |
| 260 |
_aMadrid : _b[La Editorial Católica], _c1971. |
||
| 300 |
_aXXXVIII, 1 h., 747 p. ; _c20 cm. |
||
| 490 | 1 |
_aBiblioteca de autores cristianos ; _v328 |
|
| 505 | 8 | _aContiene : Historia de la Asamblea ; Discursos ; Texto íntegro de todas las ponencias ; Proposiciones ; Conclusiones ; Apéndices | |
| 710 | 2 |
_aConferencia Episcopal Española. _bSecretariado Nacional del Clero _9140127 |
|
| 830 | 0 | 0 |
_aBiblioteca de autores cristianos _v328 _9178679 |
| 852 |
_aES-MaACL _jJ-321 _9R.46092 |
||
| 999 |
_c171411 _d171411 |
||